Текст томруулах:    
Interstate commerce (Бичлэгийн дугаар. 146171)
000 -УДИРДЛАГА
Удирдлага 00798nam a22002897a 4500
003 - ХЯНАЛТЫН ТОО ТОДОРХОЙЛОГЧ
Код MN-UlNUM
005 - БИЧИЛТ ХИЙСЭН ОГНОО
Тухайн бичилтийг бичсэн засварласан сүүлийн огноо 20260113100551.0
008 - ЕРӨНХИЙ МЭДЭЭЛЭЛ
Ерөнхий мэдээлэл 260113s1987 nyu||||| |||| 001 0 eng |
020 ## - ISBN
ISBN 0531155196
040 ## - БИЧЛЭГ ҮҮСГЭГЧ БАЙГУУЛЛАГА
Бичлэг үүсгэгч номын сангийн код МУИС-ийн номын сан
084 ## - ББК АНГИЛАЛ
Нэмэлт тусгалт Бусад
ББК ангилал 65.422
Зохиогчийн гурван тэмдэгт B 96
Мэдлэгийн ялгаа 65 - Эдийн засаг
100 1# - ЗОХИОГЧ
Зохиогчийн нэр Burleson, Clyde W.,
Зохиогчийн огноо 1934-
245 10 - ҮНДСЭН ГАРЧИГ
Номын нэр Interstate commerce
Бага гарчгийн мэдээ Regional styles of doing business
Оролцогчдын тухай мэдээ Clyde W. Burleson.
260 ## - ГАРАЛТЫН МЭДЭЭ
Хэвлэгдсэн газар New York :
Хэвлэлийн газар F. Watts,
Хэвлэгдсэн он 1987
300 ## - МАТЕРИАЛЫН ТОДОРХОЙЛОЛТ
хуудасны тоо viii, 230 p. ;
Хэмжээ 24 cm.
500 ## - Тайлбар
Дансны дугаар БС 4955
546 ## - ХЭЛНИЙ ТУХАЙ МЭДЭЭ
Хэл Англи хэл дээр,
653 ## - Түлхүүр үг
Түлхүүр үг business etiquette
653 ## - Түлхүүр үг
Түлхүүр үг regionalism
653 ## - Түлхүүр үг
Түлхүүр үг interstate commerce
740 ## - НОМЫН ГАРЧИГ
Гарчиг Paper Mirror
740 ## - НОМЫН ГАРЧИГ
Гарчиг Dividing America
740 ## - НОМЫН ГАРЧИГ
Гарчиг Speech and Behavior styles
740 ## - НОМЫН ГАРЧИГ
Гарчиг Elevator Etiquette
942 ## - ЭЛЕМЕНТИЙН ТӨРӨЛ
Зүйлийн төрөл Ном